Statistics for Historical Timeline of the Netherlands

Click here to take the quiz!

General Stats

  • This quiz has been taken 72 times
  • The average score is 11 of 16

Answer Stats

YearHintAnswer% Correct
27 BCR____ EmpireRoman Empire
100%
1815United Kingdom of the N__________United Kingdom of the Netherlands
97%
1945Kingdom of the N__________Kingdom of the Netherlands
97%
1795F_____France
93%
1940G______Germany
92%
1581D____ RepublicDutch Republic
89%
481F______Francia
87%
843Middle F______Middle Francia
87%
Bishopric of U______Bishopric of Utrecht
82%
County of H______County of Holland
72%
959 - 1581Duchy of Lower Lor_____Duchy of Lower Lorraine
52%
Bur_______ NetherlandsBurgundian Netherlands
41%
H______ NetherlandsHabsburg Netherlands
41%
855Lotha______Lotharingia
31%
600Fr_____ KingdomFrisian Kingdom
28%
Duchy of Gue_____Duchy of Guelders
18%

Score Distribution

Percentile by Number Answered

Percent of People with Each Score

Your Score History

You have not taken this quiz